| 000 | 00446nam a2200169Ia 4500 | ||
|---|---|---|---|
| 008 | 131103s9999 xx 000 0 und d | ||
| 040 | _aLoreto College | ||
| 041 | _aEnglish | ||
| 082 |
_aF/MAY _bLCBED/6508 |
||
| 245 | 2 |
_aA Book of heroes _cEdited by William Mayne |
|
| 260 |
_aEngland _bPenguin Books _c1967 |
||
| 300 |
_a186p. _c 18cm. |
||
| 650 | _aEnglish fiction | ||
| 700 | _aMayne, William; ed. | ||
| 850 | _aLCBED/F/MAY | ||
| 942 | _cBK | ||
| 999 |
_c32767 _d83246 |
||